Migración y Extranjería.

Shranjeno v:
Bibliografske podrobnosti
Glavni avtor: Silva Montes, Rodrigo (autor)
Drugi avtorji: Martínez Lavín, María Oriana (autora)
Format: Neznan
Izdano: Santiago, Chile: Ediciones Jurídicas de Santiago, 2022.
Izdaja:Primera edición
Teme:
Oznake: Označite
Brez oznak, prvi označite!

MARC

LEADER 00000 a2200000 4500
003 CL-VaPUC
005 20220908165407.0
008 220826t2022 ||||| |||| 00| 0 eng d
999 |c 438532  |d 438530 
020 |a 978-956-6178-19-4 
040 |c Pontificia Universidad Católica de Valparaíso 
082 |2 22  |a 342.83082 SIL 2022 
100 |a Silva Montes, Rodrigo  |9 875985  |e autor 
245 |a Migración y Extranjería. 
250 |a Primera edición 
260 |a Santiago, Chile:  |b Ediciones Jurídicas de Santiago,  |c 2022. 
300 |a 506 páginas. 
583 |k Catalogador Asistente  |c 20220826 
650 0 |9 331531  |a Migración   |z Chile  
650 0 |a Extranjeros   |x Legislación   |z Chile   |9 876155 
650 0 |9 876154  |a Ley de Migración y Extranjería   |x Ley 21325  |z Chile  
650 0 |9 317882  |a Inmigrantes  |z Chile 
700 |a Martínez Lavín, María Oriana  |e autora  |9 864075 
942 |2 ddc  |c BK 
952 |0 0  |1 0  |2 ddc  |4 0  |6 342_830820000000000_SIL_2022  |7 0  |8 A  |9 586452  |a BIBDER  |b BIBDER  |c GEN  |d 2022-08-26  |e 22  |g 61500.00  |i 5654448  |l 6  |m 3  |o 342.83082 SIL 2022  |p 5654448  |r 2024-06-12  |s 2024-05-23  |t 1  |v 61500.00  |w 2022-08-26  |y BK  |k DER